| 000 | 01422nam a2200445 a 4500 | ||
|---|---|---|---|
| 005 | 20240503104044.0 | ||
| 008 | 100611t2012||||sp a f |||| 001 0 spa d | ||
| 020 | _a9788480869157 | ||
| 041 | _aspa | ||
| 092 |
_c617.7 _l46 _sKAN |
||
| 100 | 1 |
_aKansky, Jack J. _91242 |
|
| 245 |
_aOftalmología clínica / _cJack J. Kanski |
||
| 250 |
_a7a ed. en español _bRevisión científica Juan Antonio Durán de la Colina |
||
| 260 |
_aBarcelona: _bElsevier; _c2012. |
||
| 300 | _a909 p. | ||
| 500 | _aKansky, J. J. y Bowling, B. (2012). Oftalmología clínica. (7a ed.). Barcelona : Elsevier. | ||
| 653 | _aPárpados | ||
| 653 | _aSistema de drenaje lagrimal | ||
| 653 | _aÓrbita | ||
| 653 | _aTrastornos de la sequedad ocular | ||
| 653 | _aConjuntiva | ||
| 653 | _aCórnea | ||
| 653 | _aCirugía corneal y refractiva | ||
| 653 | _aEpiesclerótica y esclerótica | ||
| 653 | _aCristalino | ||
| 653 | _aGlaucoma | ||
| 653 | _aUveítis | ||
| 653 | _aTumores oculares | ||
| 653 | _aVasculopatía retiniana | ||
| 653 | _aTrastornos maculares adquiridos | ||
| 653 | _aDistrofias hereditarias de la retins | ||
| 653 | _aDesprendimiento de retina | ||
| 653 | _aOpacidades vítreas | ||
| 653 | _aEstrabismo | ||
| 653 | _aNeurooftalmología | ||
| 653 | _aEfectos secundarios oculares de la medicación sistémica | ||
| 653 | _aTraumatismo | ||
| 700 | 1 |
_aBowling, Brad _91243 |
|
| 942 |
_2ddc _cBK |
||
| 999 |
_c2140 _d2140 |
||